| 000 | 00566nam a2200205Ia 4500 | ||
|---|---|---|---|
| 005 | 20250508151038.0 | ||
| 008 | 008 250505s9999 xx 000 0 eng d | ||
| 037 | _aTextBook | ||
| 040 |
_aFEDL _beng _cFEDL |
||
| 041 |
_aeng _2eng |
||
| 084 |
_a309.23, IND _qFEDL |
||
| 245 | 0 | _aFirst five year plan : A summary | |
| 245 | 0 | _cIndia, Planning Commission (Government of-) | |
| 260 | _c1952 | ||
| 300 | _aix, 149p | ||
| 365 |
_aINR _b1 |
||
| 650 |
_aFirst Five Year Plan-Summary _9758287 |
||
| 942 |
_cTB _h309.23, IND |
||
| 999 |
_c1327246 _d1327246 |
||